000 01555nam a22002417a 4500
003 KOHA_MİRAKIL
005 20260420125222.0
008 260420b tu ||||| |||| 00| 0 tur d
020 _a9759274222
040 _aTR-AnABB
_btur
_cTR-AnABB
041 _atur
082 _a808.831
_bDUN 2005
245 0 0 _aDünya edebiyatından seçme öyküler /
_ceditör: Ahmet Özalp, Mürsel Sönmez, İbrahim Yarış
260 _aİstanbul :
_bKadın Koordinasyon Merkezi,
_c2005
300 _a238 sayfa ;
_c18 cm
490 0 _aKKM ;
_v2
505 _aİçindekiler: Alponse Daudet / Ayna - Anton Çehov / Ünlem İşareti - Cengiz Aytmatov / Asker Çocuğu - Edgar Allan Poe / Kızıl ölümün maskesi - Ernes Hemingway / Bir Başka Ülkede - Franz Kafka / Bir köy hekimi - Friedrich von Schiller /Rehine - Gabriel Garcia Marquez / Noba, Melekleri bekleten zenci - Giovanni Verga / Mal - Guy de Maupassant / Analar - Heinrich Böll / Köprü başında - Hermann Hesse / Ziegler adında biri - İsmail Kadare / Sultanın yakarışı - İvan Turgenyev / Bıldırcın - Jack London / Hayatın kanunu - James Joyce / Evelin - Joao Guimaraes Rosa / Nehrin Üçüncü Kıyısı - John Steinbeck / Kasımpatları - Jorge Luis Borges / Karşılaşma - Julio Cortozar / Paris'teki bir genç hanıma mektup - Katherine Mansfield / Küçük Kız
650 0 4 _aDünya edebiyatı, seçme öyküler
700 1 _aÖzalp, Ahmet,
_eeditör
_93529
700 1 _aSönmez, Mürsel,
_eeditör
_93530
700 1 _aYarış, İbrahim,
_eeditör
_93531
942 _2ddc
_cBK
999 _c10301
_d10301
900 _bCan ÇELIK